mysqli: Table './ulib62015/stat_globaluid' is marked as crashed and should be repaired
select id from stat_globaluid where statuid='20260517200454_484'
mysqli: Table './ulib62015/stat_globaluid' is marked as crashed and should be repaired
DELETE FROM stat_globaluid
WHERE id NOT IN (
SELECT id
FROM (
SELECT id
FROM stat_globaluid
ORDER BY id DESC
LIMIT 100
) foo
);
mysqli: Table './ulib62015/stat_globaluid' is marked as crashed and should be repaired
insert into stat_globaluid set
statuid='20260517200454_484',
dt='1779023094',
phpself='/ULIB62015/dublinfull.php',
agent='Mozilla/5.0 AppleWebKit/537.36 (KHTML, like Gecko; compatible; ClaudeBot/1.0; +claudebot@anthropic.com)',
yea='2026',
mon='5',
dat='17',
ip='216.73.216.45'
mysqli: Table './ulib62015/stathist_viewbib_bib_type' is marked as crashed and should be repaired
insert into stathist_viewbib_bib_type set
dat='17' ,
mon='05' ,
yea='2026' ,
statuid='20260517200454_484' ,
head='13399107837' ,
foot='marc' ,
dt='1779023094'
| LEADER : 00000nam 2200000uu 4500 |
| 001 13399107837 |
| 003 ULIB |
| 008 101223s||||||||th 000 0 tha d |
| 020 0-07-050633-7
|
| 050 4 QH308.2^bP858N 1992
|
| 100 1 Postlethwait, John H
|
| 245 14 The Nature of life /^cJohn H. Postlethwait, Janet L.Hopson
|
| 250 2nd ed
|
| 260 New York :^bMcGraw-Hill,^cc1992
|
| 300 xxxiii, 793, [63] p. :^bill
|
| 650 0 BIOLOGY
|
| 650 0 LIFE (BIOLOGY)
|
| 700 1 Hopson, Janet L
|
| 945 ^p0^l0^i014266
|
| 945 ^p0^l0^i014267
|
| 945 ^p0^l0^i014268 |
| 999 ^aบรรณารักษ์
|
| คุณยังไม่ได้ล็อกอิน คุณสามารถมีกิจกรรมร่วมกับเว็บไซต์ได้ แต่ต้องล็อกอินก่อน :: |
|
|
|
รายการใกล้เคียง
ผู้แต่ง [Postlethwait, John H]
หัวเรื่อง [BIOLOGY] หัวเรื่อง [LIFE (BIOLOGY)]
|
|
ยังไม่เคยถูกคอมเมนท์
|
| คอมเมนท์ทรัพยากรรายการนี้ |
|